تحميل...

Macroeconomics

التفاصيل البيبلوغرافية
المؤلف الرئيسي: Abel, Andrew B and Bernanke, Ben S
التنسيق: Printed Book
منشور في: Pearson Education, New Delhi 2005
الطبعة:4
الموضوعات:
LEADER 00586nam a2200193 4500
020 |c Rs.295/ 
082 |a 339 ABE-M4 
100 |a Abel, Andrew B and Bernanke, Ben S 
245 |a Macroeconomics 
250 |a 4 
260 |a Pearson Education, New Delhi  |c 2005 
300
490
500
590 |a Modern Book Centre, Trivandrum  |b MBC 0932/05, 05/08/2005  |c Rs.295/ 
650 |a Macroeconomics & related topics 
942 |c BK 
999 |c 114693  |d 114693 
952 |0 0  |1 0  |4 0  |6 339_000000000000000_ABEM4  |7 0  |9 128160  |a ECN  |b ECN  |g 0.00  |l 0  |o 339 ABE-M4  |p ECN11715  |r 2019-09-25  |w 2019-09-25  |y BK